|
|
|
|
| LEADER |
00000cab a22000001a 4500 |
| 001 |
vtls008994167 |
| 003 |
SK-MaSNL |
| 005 |
20260304100928.0 |
| 008 |
070530d19291106xo |r|p|||| |000 b|slo |
| 015 |
|
|
|a SNBRRBVU1918-1938
|
| 038 |
|
|
|a SNKBUVU
|
| 040 |
|
|
|a SNKBUVU
|b slo
|c SNKBUCL
|e AACR2
|
| 041 |
0 |
|
|a slo
|
| 044 |
|
|
|a xo
|c SK
|
| 080 |
|
|
|a 75.056
|2 1997
|
| 080 |
|
|
|a 821.162.4-31
|2 1997
|
| 080 |
|
|
|a 655.534:766
|2 2001
|
| 245 |
0 |
0 |
|a Sirota Podhradských
|
| 500 |
|
|
|a V rubrike Kultúrny obzor
|
| 520 |
|
|
|a Správa o románe Terézie Vansovej: Sirota Podhradských, ktorý vyšiel ako 22. zväzok Edície mladých slovenských autorov v Prahe, 318 s., 24,- Kč, s obálkou M. Benku
|
| 600 |
1 |
7 |
|a Vansová, Terézia,
|d 1857-1942
|t Sirota Podhradských
|2 snkbucl
|9 102256
|
| 650 |
0 |
7 |
|a slovenské romány
|2 snkbucl
|9 103163
|
| 655 |
|
7 |
|a poznámky
|2 snkbucl
|9 285558
|
| 773 |
0 |
|
|t Robotnícke noviny
|g Roč. 26, č. 251 (9.11.1929), s. 5
|
| 852 |
|
|
|a Slovenská národná knižnica
|
| 910 |
|
|
|a snkrbvumm
|
| 958 |
|
|
|a VY
|
| 999 |
|
|
|c 2840321
|d 2842251
|